Jetpunk Badges - Statistics

General Stats
  • This quiz has been taken 10 times
  • The average score is 5 of 31
Answer Stats
Answer % Correct
British
50%
France
50%
196
33%
China
33%
Germany
33%
History
33%
USA
33%
Border
17%
Capitals
17%
Flag
17%
Generalissimo
17%
Island
17%
Italy
17%
Language
17%
Math Wizard
17%
Music
17%
Picture
17%
Population
17%
Satellite
17%
Spain
17%
U.S. State Trivia
17%
Welcome
17%
Words
17%
Cities
0%
Country Trivia
0%
Movie Maven
0%
One Minute
0%
Puzzle
0%
Random Geography
0%
Scientist
0%
Video Games
0%
No matching quizzes found
Score Distribution
Percent of People with Each Score
Percentile by Number Answered
Your Score History
You have not taken this quiz